Grant's Dissector (Record no. 35510)

MARC details
000 -LEADER
fixed length control field 00506nam a22001937a 4500
005 - DATE AND TIME OF LATEST TRANSACTION
control field 20240401094655.0
008 - FIXED-LENGTH DATA ELEMENTS--GENERAL INFORMATION
fixed length control field 240401b |||||||| |||| 00| 0 eng d
020 ## - INTERNATIONAL STANDARD BOOK NUMBER
ISBN 9780781774314
082 ## - DEWEY DECIMAL CLASSIFICATION NUMBER
Classification number 615
Item number TAN-G
100 ## - MAIN ENTRY--AUTHOR
Author Name Tank Patrick W.
245 ## - TITLE STATEMENT
Title Grant's Dissector
Statement of responsibility, etc. Tank W.Patrick
250 ## - EDITION STATEMENT
Edition statement 4th ed.
260 ## - PUBLICATION, DISTRIBUTION, ETC.
Place of Publication India :
Name of publisher, distributor, etc. Wolter Kluwer ;
Date of publication, distribution, etc. 2009.
300 ## - PHYSICAL DESCRIPTION
Pages xv, 269p. :
500 ## - GENERAL NOTE
General note Include index .
650 ## - SUBJECT ADDED ENTRY--TOPICAL TERM
Subject / Department Medical / Anatomy
700 ## - ADDED ENTRY--PERSONAL NAME
Personal name Tank W.Patrick
300 ## - PHYSICAL DESCRIPTION
-- ill;
-- 27 cm.
952 ## - LOCATION AND ITEM INFORMATION (KOHA)
-- 0
-- 0
952 ## - LOCATION AND ITEM INFORMATION (KOHA)
-- 0
-- 0
952 ## - LOCATION AND ITEM INFORMATION (KOHA)
-- 0
-- 0
952 ## - LOCATION AND ITEM INFORMATION (KOHA)
-- 0
-- 0
Holdings
Lost status Damaged status Collection code Permanent Location Current Location Shelving Location Date acquired Full Call Number Accession No./Barcode Date last seen Copy number item type Koha item type
    Medical Superior Information Resource Center (SIRC) Superior University- Central Library Superior Information Resource Center (SIRC) Superior University- Central Library Anatomy 04/01/2024 615 TAN-G 2009 10203 04/01/2024 1 BOOK BOOK
    Medical Superior Information Resource Center (SIRC) Superior University- Central Library Superior Information Resource Center (SIRC) Superior University- Central Library Anatomy 04/01/2024 615 TAN-G 2009 10204 04/01/2024 2 BOOK BOOK
    Medical Superior Information Resource Center (SIRC) Superior University- Central Library Superior Information Resource Center (SIRC) Superior University- Central Library Anatomy 04/01/2024 615 TAN-G 2009 10205 04/01/2024 3 BOOK BOOK
    Medical Superior Information Resource Center (SIRC) Superior University- Central Library Superior Information Resource Center (SIRC) Superior University- Central Library Anatomy 04/01/2024 615 TAN-G 2009 10206 04/01/2024 4 BOOK BOOK

Powered by Koha